00315pab a2200121 454500008004000000100001900040245004500059260000900104300001500113362001100128650002000139773003400159180718b1997 xxu||||| |||| 00| 0 eng d aD'Souza, Errol aHow did the reforms given acceptability? c1997 ap.1888-889 a26 Jul aEconomic reform aEconomic and Political Weekly